000 00948cam a2200265Mc 4500
001 ocn900782047
005 20150305134249.0
008 150209s2014 enk fr 001 0 eng d
020 _a9780415773577
020 _a0415773571
040 _aCO-BoUCM
_bspa
_cJose A. Gerena
_dJose A. Gerena
041 0 _aeng
245 0 0 _aRealism reader
_ceditado por Colin Elman y Michael A. Jensen
260 _aOxon (Oxfordshire, Inglaterra)
_bRoutledge
_c2014
300 _axvi, 534 páginas
504 _aIncluye referencias bibliográficas e índices
650 7 _aRelaciones internacionales
_xAspectos filosóficos
_98042
650 7 _aPolítica internacional
_921990
650 7 _aRealismo
_xAspectos políticos
_923119
690 _942907
_aRelaciones internacionales
700 1 _aElman, Colin
_eeditor
_967249
700 1 _aJensen, Michael A.
_eeditor
_967250
942 _2LOCAL
_a6
_cLIBRO
_e1
_h327.101
_mR288
999 _c297862
_d297862